• 首页
  • 本馆介绍
  • 公告通知
  • 最新文献
  • 馆藏检索
  • 电子资源
  • 读者导购
  • 参考咨询
  • 我的图书馆
  • 登录
  • 详细信息显示
  • 放入我的书架
  • 预约/预借图书
  • 作者相关作品
  • 分类相关作品
  • 丛书相关作品
  • 出版社相关作品

书目信息

  • 表格格式
  • 工作单格式
  • 卡片格式
题名:
西方近代哲学的终结
    
 
作者: 张澄清 著
分册:  
出版信息: 北京   社会科学文献出版社  2005
页数: 12,302页
开本: 21cm
丛书名:
单 册:
中图分类: B516.35
科图分类:
主题词:
电子资源:
ISBN: 7-80190-875-9
000 01102nam0 2200253 450
001 003054069
005 20061031170800.42
010    @a7-80190-875-9@dCNY23.00
100    @a20060104d2005 em y0chiy0110 ea
101 0  @achi
102    @aCN@b110000
105    @ay z 000yy
200 1  @a西方近代哲学的终结@9xi fang jin dai zhe xue de zhong jie@e读黑格尔《精神现象学》@dThe end of western modern philosophy@ea study of Hegel's phenomenology of spirit@f张澄清著@zeng
210    @a北京@c社会科学文献出版社@d2005
215    @a12,302页@d21cm
330    @a本书从西方近代哲学终结这一视角,把黑格尔的《精神现象学》分为十个专题来论述:哲学和体系,实体即主体,自我意识,理性,劳动,异化,宗教,否定性原则,思维和存在,自由等。
510 1  @aEnd of western modern philosophy@ea study of Hegel's phenomenology of spirit@zeng
517 1  @a读黑格尔《精神现象学》@9du hei ge er 《 jing shen xian xiang xue 》
605    @a精神现象学@x研究
605    @a精神现象学
690    @aB516.35@v4
701  0 @a张澄清@9zhang cheng qing@c(女,@f1927~)@4著
801  0 @aCN@bNLC@c20061031
905    @a10447@dB516.35@e103
    
    西方近代哲学的终结:读黑格尔《精神现象学》=The end of western modern philosophy:a study of Hegel's phenomenology of spirit/张澄清著.-北京:社会科学文献出版社,2005
    12,302页;21cm
    
    
    ISBN 7-80190-875-9:CNY23.00
    本书从西方近代哲学终结这一视角,把黑格尔的《精神现象学》分为十个专题来论述:哲学和体系,实体即主体,自我意识,理性,劳动,异化,宗教,否定性原则,思维和存在,自由等。
●
相关链接 在E读中查询图书 在五车中查询图书 在当当中查询图书 在豆瓣中查询图书


正题名:西方近代哲学的终结     索取号:B516.35/103         预约/预借

序号 登录号 条形码 馆藏地/架位号 状态 备注
1 0386642   203866423   第一样本阅览室/ [索取号:B516.35/103] 在馆    
2 0386643   203866432   第一借阅区/ [索取号:B516.35/103] 在馆    
3 0386644   203866441   第一借阅区/ [索取号:B516.35/103] 在馆    
4 0386645   203866450   第一借阅区/ [索取号:B516.35/103] 在馆    
5 0386646   203866469   教育系资料室/ [索取号:B516.35/103] 在馆    
唐山师范学院图书馆 欢迎您!
大连网信软件有限公司© 版权所有